Dinosaures par images - Cératopsiens - Statistiques

Statistiques générales
  • Ce quiz a été pris 310 fois
    43 depuis la dernière actualisation
  • Le résultat moyen est 8 sur 82
Statistiques - réponses
Par images Réponse % Correct
Triceratops
97%
Pachyrhinosaurus
63%
Styracosaurus
56%
Psittacosaurus
47%
Torosaurus
47%
Protoceratops
41%
Diabloceratops
38%
Chasmosaurus
34%
Centrosaurus
28%
Nasutoceratops
28%
Einiosaurus
25%
Pentaceratops
25%
Sinoceratops
25%
Albertaceratops
16%
Lokiceratops
16%
Achelousaurus
13%
Eotriceratops
13%
Anchiceratops
9%
Arrhinoceratops
9%
Kosmoceratops
9%
Leptoceratops
9%
Micropachycephalosaurus
9%
Yinlong
9%
Zuniceratops
9%
Bagaceratops
6%
Medusaceratops
6%
Monoclonius
6%
Regaliceratops
6%
Titanoceratops
6%
Udanoceratops
6%
Wendiceratops
6%
Xenoceratops
6%
Agujaceratops
3%
Ajkaceratops
3%
Albalophosaurus
3%
Aquilops
3%
Archaeoceratops
3%
Asiaceratops
3%
Avaceratops
3%
Bravoceratops
3%
Breviceratops
3%
Coahuilaceratops
3%
Coronosaurus
3%
Ferenceratops
3%
Graciliceratops
3%
Gremlin
3%
Ischioceratops
3%
Judiceratops
3%
Koreaceratops
3%
Liaoceratops
3%
Machairoceratops
3%
Menefeeceratops
3%
Montanoceratops
3%
Navajoceratops
3%
Prenoceratops
3%
Sierraceratops
3%
Spiclypeus
3%
Spinops
3%
Stenopelix
3%
Unescoceratops
3%
Utahceratops
3%
Vagaceratops
3%
Yamaceratops
3%
Yehuecauhceratops
3%
Zhuchengceratops
3%
Auroraceratops
0%
Beg
0%
Bisticeratops
0%
Cerasinops
0%
Chaoyangsaurus
0%
Crittendenceratops
0%
Ferrisaurus
0%
Furcatoceratops
0%
Gryphoceratops
0%
Helioceratops
0%
Hualianceratops
0%
Mosaiceratops
0%
Sasayamagnomus
0%
Stellasaurus
0%
Terminocavus
0%
Turanoceratops
0%
Xuanhuaceratops
0%
Aucun quiz correspondant
Distribution des résultats
% des personnes avec chaque résultat
Percentile par nombre de réponses
Votre historique - résultats
Vous n’avez pas pris ce quiz depuis la dernière actualisation